Cyprian Norwid

Podrobná bibliografia
Hlavný autor: Winczer, Pavol, 1935-2014 (Autor)
Médium: Článok
Jazyk:slovenčina
Predmet:

MARC

LEADER 00000nab a2200000uu 4500
001 vtls011449565
003 SK-MaSNL
005 20260303164819.0
008 230313|1974 xo |||||||||||||||||slo|
015 |a SNBRB 
035 |a (urnnbn)urn:nbn:sk:snk:ar-0066ux 
035 |a (uuid)504092b7-7b6c-4a8a-bc7b-23d9874a681b 
035 |a urn:nbn:sk:snk-abclyc 
040 |a SNKBUCL  |b slo  |c SNKBUCL  |e AACR2 
041 0 |a slo 
044 |a xo  |c SK 
100 1 |a Winczer, Pavol,  |d 1935-2014  |4 aut  |9 163469 
245 1 0 |a Cyprian Norwid  |c Pavol Winczer 
600 1 7 |a Norwid, Cyprian,  |d 1821-1883  |2 SNKMA  |9 131938 
655 7 |a profily  |2 SNKPH  |9 341977 
773 0 |t Revue svetovej literatúry  |g Roč. 10, č. 2 (1974), s. 25-27 
958 |a OND 
958 |a EUIPO 
958 |a article16 
999 |c 2067913  |d 2069843